00183nam a2200073Ia 4500008004100000245002800041260003100069260000900100170620s9999 xx 000 0 und d 0aBhugol Shikshan (Hindi) bMeerut- Surya Publications c2001